Statistics for Countries of North America (Part 2)

Click here to take the quiz!

General Stats

  • This quiz has been taken 8 times
  • The average score is 10 of 11

Answer Stats

Answer% Correct
Panama
100%
Saint Lucia
100%
St Kitts and Nevis
100%
St Vincent and the Grenadines
100%
Trinidad and Tobago
100%
United States of America
100%
Nicaragua
88%
Guadeloupe
75%
Martinique
75%
Montserrat
75%
Anguilla
63%

Score Distribution

Percentile by Number Answered

Percent of People with Each Score

Your Score History

You have not taken this quiz